00754nam a2200217Ii 45000010005000000030009000050080041000140400033000550410008000880820013000961000040001092450026001492640061001753000012002363360026002483370028002743380027003029400050003299990017003799520140003968408CO-ViMGA241108s9999||||xx |||||||||||||| ||und|| aCO-ViMGAbspaerdacCO-ViMGA0 aunk04a925-V4361 aJorge Eduardo Vélez Arango95541610aDiario de un contador 1a[Lugar de publicación no identificado] : Rodrigo, 1984 avolumen atextbtxt2rdacontent aunmediatedbn2rdamedia avolumebnc2rdacarrier aidficha_siabuc: 8216. -- ficha_no_siabuc:8408 c52933d52933 001040708001aMEVIGERRbMEVIGERRcGENd2006-11-27hVol.1o925-V436pECA8620r2024-11-26 10:09:35tEj.1w2024-11-26yBKz8216 | 11482